Catálogo
 En Linea

Bolívar : (Registro nro. 22231)

Detalles MARC
000 -CABECERA
campo de control de longitud fija 00784nam a2200217 a 4500
001 - NÚMERO DE CONTROL
campo de control 000022734
005 - FECHA Y HORA DE LA ÚLTIMA TRANSACCIÓN
campo de control 20260305073955.0
008 - DATOS DE LONGITUD FIJA--INFORMACIÓN GENERAL
campo de control de longitud fija 101117s2000 pn r 000 |aeng d
020 ## - NÚMERO INTERNACIONAL ESTÁNDAR DEL LIBRO
Número Internacional Estándar del Libro 9962812038
040 ## - FUENTE DE LA CATALOGACIÓN
Centro catalogador/agencia de origen DO-SdBNP
Lengua de catalogación spa
Centro/agencia transcriptor BNPHU
082 ## - NÚMERO DE LA CLASIFICACIÓN DECIMAL DEWEY
Número de clasificación 923.187
Número de documento/Ítem B689B
100 1# - ENTRADA PRINCIPAL--NOMBRE DE PERSONA
Nombre de persona Boyd, Bill
9 (RLIN) 46715
240 10 - TÍTULO UNIFORME
Título uniforme Bolívar, libertor of a continent
Lenguaje de la obra español
245 10 - MENCIÓN DE TÍTULO
Título Bolívar :
Resto del título libertador de un continente : una biografía dramatizada /
Mención de responsabilidad, etc. Bill Boyd; edición, Giovanna Avendaño Vejas.
260 ## - PUBLICACIÓN, DISTRIBUCIÓN, ETC.
Lugar de publicación, distribución, etc. Panama :
Nombre del editor, distribuidor, etc. Círculo de Lectura de la USMA,
Fecha de publicación, distribución, etc. 2000.
300 ## - DESCRIPCIÓN FÍSICA
Extensión 326 p. ;
Dimensiones 23 cm.
500 ## - NOTA GENERAL
Nota general Bibliografía : p. 318
600 10 - PUNTO DE ACCESO ADICIONAL DE MATERIA--NOMBRE DE PERSONA
Nombre de persona Bolívar, Simón,
Fechas asociadas al nombre 1783-1830
9 (RLIN) 253
650 #4 - PUNTO DE ACCESO ADICIONAL DE MATERIA--TÉRMINO DE MATERIA
Término de materia o nombre geográfico como elemento de entrada Presidentes venezolanos
Subdivisión general Biografías
9 (RLIN) 46716
700 1# - PUNTO DE ACCESO ADICIONAL--NOMBRE DE PERSONA
Nombre de persona Avendaño Vejas, Giovanna
Término indicativo de función/relación ed.
9 (RLIN) 46717
Existencias
Estado de retiro Estado de pérdida Restricciones de uso No para préstamo Código de colección Localización permanente Ubicación/localización actual Ubicación en estantería Fecha de adquisición Número de inventario Total de préstamos Signatura topográfica completa Código de barras Fecha visto por última vez Precio válido a partir de Tipo de ítem Koha
      Excluido de préstamo Monografías: Libros y Folletos General General Depósito 17.11.2010 LF1   923.187 B689B 22734-10 25.06.2020 25.06.2020 No se presta

Con tecnología Koha